Clic Les maires des préfectures de France (1) - Statistiques

Statistiques générales
  • Ce quiz a été pris 18 fois
  • Le résultat moyen est 12 sur 26
Statistiques - réponses
Hint Extra Hint Réponse % Correct
Grégory Doucet EELV Lyon
94%
Laurent Marcangeli DVD Ajaccio
75%
François Rebsamen PS Dijon
75%
Johanna Rolland PS Nantes
75%
Brigitte Fouré UDI Amiens
69%
Ambdilwahedou Soumaila LR Mamoudzou
69%
Ericka Bareigts PS Saint-Denis
63%
Anne Vignot EELV Besançon
56%
François Grosdidier LR Metz
56%
Bernard Combes DVG Tulle
56%
François Astorg ECO Annecy
50%
Jean-François Fountaine DVG La Rochelle
50%
Boris Ravignon DVD Charleville-Mézières
44%
Laurent Cathala PS Créteil
44%
Emmanuel Denis EELV Tours
44%
Marie-Laure Phinéra-Horth DVG Cayenne
38%
Jean-Pierre Gorges LR Chartres
38%
Denis Thuriot LREM Nevers
38%
Jean-François Debat PS Bourg-en-Bresse
31%
Guy Lefrand LR Évreux
31%
Patrick Jarry DVG Nanterre
31%
Frédéric Leturque LC Arras
25%
Crescent Marault DVD Auxerre
25%
Delphine Labails PS Périgueux
25%
Emmanuelle Lejeune SE Saint-Lô
25%
Patricia Granet-Brunello DVC Digne-les-Bains
19%
Aucun quiz correspondant
Distribution des résultats
% des personnes avec chaque résultat
Percentile par nombre de réponses
Votre historique - résultats
Vous n’avez pas pris ce quiz